Assessment of the Muslim Method of Slaughter (Record no. 704)

MARC details
000 -LEADER
fixed length control field 01078nam a22002897a 4500
001 - CONTROL NUMBER
control field 03318
003 - CONTROL NUMBER IDENTIFIER
control field HDC
007 - PHYSICAL DESCRIPTION FIXED FIELD--GENERAL INFORMATION
fixed length control field cr bn ---
008 - FIXED-LENGTH DATA ELEMENTS--GENERAL INFORMATION
fixed length control field 210106b19861986xxk||||| |||| 00| 0 eng d
040 ## - CATALOGING SOURCE
Original cataloging agency HDC
245 #0 - TITLE STATEMENT
Title Assessment of the Muslim Method of Slaughter
Statement of responsibility, etc. / Dr. Abdul Majid Katme
260 ## - PUBLICATION, DISTRIBUTION, ETC.
Place of publication, distribution, etc. United Kingdom:
Name of publisher, distributor, etc. Universities Federation for Animal Welfare,
Date of publication, distribution, etc. 1986
300 ## - PHYSICAL DESCRIPTION
Extent 1 online resource (29 pages)
336 ## - CONTENT TYPE
Content type term text
Source rdacontent
337 ## - MEDIA TYPE
Media type term computer
Source rdamedia
338 ## - CARRIER TYPE
Carrier type term online resource
Source rdacarrier
500 ## - GENERAL NOTE
General note Extract from: Symposium on Humane Slaughter and Euthanasia, 1986
650 ## - SUBJECT ADDED ENTRY--TOPICAL TERM
Topical term or geographic name entry element Halal food
9 (RLIN) 50
650 ## - SUBJECT ADDED ENTRY--TOPICAL TERM
Topical term or geographic name entry element Meat
General subdivision Religious aspects
-- Islam
9 (RLIN) 1974
650 ## - SUBJECT ADDED ENTRY--TOPICAL TERM
Topical term or geographic name entry element Muslims
General subdivision Dietary laws
9 (RLIN) 815
700 ## - ADDED ENTRY--PERSONAL NAME
Personal name Katme, Abdul Majid
9 (RLIN) 2482
710 ## - ADDED ENTRY--CORPORATE NAME
Corporate name or jurisdiction name as entry element Universities Federation for Animal Welfare
Relator term organizer
856 ## - ELECTRONIC LOCATION AND ACCESS
Public note Request full-text at [email protected]
942 ## - ADDED ENTRY ELEMENTS (KOHA)
Source of classification or shelving scheme Library of Congress Classification
942 ## - ADDED ENTRY ELEMENTS (KOHA)
Koha item type Conference Paper
942 ## - ADDED ENTRY ELEMENTS (KOHA)
Call number prefix CONF 000258
Holdings
Withdrawn status Lost status Source of classification or shelving scheme Damaged status Not for loan Home library Current library Shelving location Date acquired Total checkouts Full call number Date last seen Price effective from Koha item type
    Library of Congress Classification     Halal Development Corporation Library Halal Development Corporation Library Open Shelves 24/05/2023   CONF 000258 24/05/2023 24/05/2023 Conference Paper
Halal Development Corporation Berhad (HDC)
5.02 Level 5, KPMG Tower, First Avenue, Persiaran Bandar Utama, 47800 Petaling Jaya, Selangor Darul Ehsan
Phone: +603 7965 5489 Email: [email protected]